Φορτώνει......

Advanced accountancy, Vol.II

Λεπτομέρειες βιβλιογραφικής εγγραφής
Κύριος συγγραφέας: Maheswari, S N.
Άλλοι συγγραφείς: Maheswari, S K.
Γλώσσα:English
Έκδοση: New Delhi Vikas Publishing House 2013
Έκδοση:10th.
Θέματα:
LEADER 00469cam a2200169ua 4500
001 21013
008 140728n2013 ii |||gr||||Z||||||eng
020 |a 978-81259-3092-1 
082 |a 657 
100 |a Maheswari, S N. 
245 |a Advanced accountancy, Vol.II  |c S N Maheswari and S K Maheswari   |h Textual Documents 
250 |a 10th. 
260 |a New Delhi  |b Vikas Publishing House  |c 2013 
300 |a 3.322p. 
650 |a Accountancy 
700 |a Maheswari, S K. 
999 |c 44201  |d 44201